000 00389nam a22001337a 4500
005 20250822133650.0
008 250822b |||||||| |||| 00| 0 eng d
020 _a9988609833
050 _aBL 65
_b.C8 CIR
245 _a"WHEN SILENCE IS NO LONGER AN OPTION"
_cEdited by ELIZABETH AMOAH & MERCY AMBA ODUYOYE
260 _aACCRA
_bSAM-WOODE LTD
_cc2002
300 _a156p.;
942 _2lcc
_cBK
_n0
999 _c7336
_d7336